00360nam a2200109Ia 4500008004100000082000800041100002100049245006200070942000600132952009700138999001500235240331s9999 xx 000 0 und d bTHI aThiruchandran, S 4aThe spectrum of femininity :ba process of deconstruction cL 001040708LaWERCLbWERCLcSSCd2024-03-31l0o 305.4 THIp2552r2024-03-31w2024-03-31yL c1783d1783